000 00944nam a22002777a 4500
001 8866
003 FISKH
005 20260311090122.0
008 251024b cb ||||| |||| 00| 0 eng d
020 _a9780531235249
040 _aFISKH
_beng
_cFISKH
_dFISKH
050 _aE901.O23 F34
082 _a328.73092
100 _aFalk, Laine
_eAuthor
245 _aMeet president Barack Obama /
_cBy Laine Falk
260 _aNew York :
_bScholastic ,
_c2009
300 _a24 pages :
_bcolor illustrations ;
_c21 cm
490 _aScholastic news nonfiction readers :
_vLet's visit the White House
505 _aH
520 _aThis biography explores America's 44th President, his life and political views, through photos and simple text written for children in first and second grades.
521 8 _a510
_bLexile
521 8 _aH
_bRaz-Plus
650 _aAmerican presidents
_vBarack Obama
942 _2ddc
_cBK
_n0
999 _c8866
_d8866